00000000nam 2200000za 4500
0019.846737
003CaOODSP
00520221107153256
007cr |||||||||||
008171107s1987    onc    |o    f|0| 0 fre d
040 |aCaOODSP|bfre
043 |an-cn---
0861 |aCS11-0019/5F-PDF
1001 |aPicot, W. G.
24510|aPerte d'un emploi et adaptation au marché du travail dans l'économie canadienne |h[ressource électronique] / |cpar Garnett Picot et Ted Wannell.
260 |a[Ottawa] : |bStatistique Canada, |c1987.
300 |a48 p.
4900 |aDocuments de recherche ; |vno. 5
500 |aPubl. aussi en anglais sous le titre : Job loss and labour market adjustment in the Canadian economy.
500 |aÉdition numérisée de l'imprimé [par Statistique Canada].
504 |aComprend des références bibliographiques.
520 |a« Le présent document vise à évaluer les expériences d'adaptation au marché du travail des travailleurs canadiens qui ont été licenciés définitivement entre 1981 et 1984. Ces licenciements pouvaient être attribuables à des causes structurelles ou cycliques. On se sert de données provenant d'une enquête spéciale afin de répondre à un certain nombre de questions. »--Résumé.
69207|2gccst|aCessation d'emploi
69207|2gccst|aChômage
69207|2gccst|aMarché du travail
7001 |aWannell, Ted.
7102 |aStatistique Canada. |bDirection des études analytiques.
77508|tJob loss and labour market adjustment in the Canadian economy |w(CaOODSP)9.846734
830#0|aDocuments de recherche (Statistique Canada. Direction des études analytiques)|vno 5|w(CaOODSP)9.500842
85640|qPDF|s7.58 Mo|uhttps://publications.gc.ca/collections/collection_2017/statcan/11f0019m/CS11-0019-5-fra.pdf